00493nam a2200169 450000500170000001000150001702000250003203500140005703700130007108200120008410000190009624500580011526000390017327000730021230000210028570000170030620220609112223.0 aENG-133171 a978819074297c500.00 aEN-116703 bDBAD/PUB a954.147 aCrawford, D.G. aA Brief History of the Hughli District/cD.G.Crawford aWest BengalbDr.Ganesh Nandyc2015 a358, Kamarpara Road, P.O.Chinsurah Dist-HooghlybWest Bengale712101 a278p.c21cm(hbk) aGanesh Nandy